Čítanka pro 5. ročník zvláštní školy /

Hlavní autor: Vaňous, Jan, 1911-1986
Jazyk: Čeština
Vydáno: Praha : Státní pedagogické nakladatelství, 1982
Vydání: 1. vyd.
Edice: Učebnice pro základní školy
Témata:
Fyzický popis: 238 s.
Knihy
Uloženo v:
LEADER 00940nam a22002652a 4500
001 000208911
003 CZ BrMZK
005 20110314204708.0
007 ta
008 010907s1982 xr f cze d
015 |a cnb000405158 
035 |a (OCoLC)42187047 
040 |a BOA001  |b cze 
100 1 |a Vaňous, Jan,  |d 1911-1986  |7 jk01141598 
245 1 0 |a Čítanka pro 5. ročník zvláštní školy /  |c Jan Vaňous 
250 |a 1. vyd. 
260 |a Praha :  |b Státní pedagogické nakladatelství,  |c 1982 
300 |a 238 s. 
490 1 |a Učebnice pro základní školy 
830 0 |a Učebnice pro základní školy 
910 |a BOA001  |b PK-0093.545  |b 2-0847.151 
964 |a Čeština - čítanky - školy zvláštní 
990 |a BK 
996 7 |b 2619392766  |c 2-0847.151  |l MZK  |r Sklad / do 1 hodiny  |n 0  |w 000208911  |u 000020  |a 1  |e BOA001  |j MZK50  |s A 
996 7 |b 3119903538  |c PK-0093.545  |l MZK  |r Sklad / do 1 hodiny  |n 0  |w 000208911  |u 000010  |a 1  |e BOA001  |j MZK50  |s A